El abuelo / (Record no. 37000)

MARC details
000 -LEADER
campo de control de longitud fija 00922nam a2200277 i 4500
001 - NÚMERO DE CONTROL
campo de control 37000
003 - IDENTIFICADOR DE NÚMERO DE CONTROL
campo de control ES-MaACL
005 - FECHA Y HORA DE LA ÚLTIMA TRANSACCIÓN
campo de control 20250804062610.0
007 - CAMPO FIJO DE DESCRIPCIÓN FÍSICA--INFORMACIÓN GENERAL
campo de control de longitud fija t|
008 - DATOS DE LONGITUD FIJA--INFORMACIÓN GENERAL
campo de control de longitud fija 140911s2013 sp ||||1| spa d
020 ## - NÚMERO INTERNACIONAL ESTÁNDAR DEL LIBRO
Número Internacional Estándar del Libro 978-84-376-3159-2
080 ## - NÚMERO DE LA CLASIFICACIÓN DECIMAL UNIVERSAL
Número de la Clasificación Decimal Universal 821.134.2-31"18"
100 1# - ENTRADA PRINCIPAL--NOMBRE DE PERSONA
Nombre de persona Pérez Galdós, Benito,
Fechas asociadas al nombre 1843-1920
9 (RLIN) 90871
245 13 - MENCIÓN DEL TÍTULO
Título El abuelo /
Mención de responsabilidad, etc. Benito Pérez Galdós ; edición de Rosa Amor del Olmo.
250 ## - MENCION DE EDICION
Mención de edición 1ª ed.
260 ## - PUBLICACIÓN, DISTRIBUCIÓN, ETC.
Lugar de publicación, distribución, etc. Madrid :
Nombre del editor, distribuidor, etc. Cátedra,
Fecha de publicación, distribución, etc. 2013.
300 ## - DESCRIPCIÓN FÍSICA
Extensión 385 p. ;
Dimensiones 18 cm.
490 1# - MENCIÓN DE SERIE
Mención de serie Letras hispánicas ;
Designación de volumen o secuencia 727
504 ## - NOTA DE BIBLIOGRAFÍA, ETC.
Nota de bibliografía, etc. Bibliografía: p. 115-127.
700 1# - ENTRADA AGREGADA--NOMBRE PERSONAL
Nombre de persona Amor del Olmo, Rosa,
Fechas asociadas al nombre 1963-
9 (RLIN) 137798
830 00 - PUNTO DE ACCESO ADICIONAL DE SERIE-TÍTULO UNIFORME
Título uniforme Letras hispánicas ;
Designación de volumen o secuencia 727
9 (RLIN) 235703
852 ## - LOCALIZACIÓN
Ubicación ES-MaACL
Número de control de estantería A-13222
itemnumber 38347
Sublocalización o colección R.149986
Ubicación en estantería Depósito 1
Signatura antigua Olim: N-6222
Donativo/Legado Donación: Rosa Amor
903 ## - NOMBRE PERSONAL DE DONANTE
a Amor del Olmo, Rosa,
d 1963-
e Donante
9 137798
942 ## - ELEMENTOS DE ENTRADA SECUNDARIOS (KOHA)
Fuente del sistema de clasificación o colocación Clasificación decimal universal
Tipo de ítem Koha Libro impreso
Holdings
Estatus retirado Estado de pérdida Fuente del sistema de clasificación o colocación Estado de daño No para préstamo Biblioteca de origen Biblioteca actual Ubicación en estantería Fecha de adquisición Fuente de adquisición Total de préstamos Signatura topográfica completa Código de barras Visto por última vez Precio de reemplazo Tipo de ítem Koha
    Clasificación decimal universal     Biblioteca del Ateneo de Madrid Biblioteca del Ateneo de Madrid Depósito 1 17/01/2008 Donación   A-13222 1038926 23/02/2023 23/02/2023 Libro impreso